Najlepsi strzelcy Bundesligi 2019/20 - Statystyki

Ogólne statystyki
  • Ten quiz został rozwiązany 112 razy
  • Średni wynik to 9 z 20
Statystyki odpowiedzi
Klub Bramki Zawodnik % Poprawnych
Bayern Monachium 34 Robert Lewandowski
99%
RB Lipsk 28 Timo Werner
87%
Borussia Dortmund 11 Marco Reus
78%
Borussia Dortmund 13 Erling Haaland
76%
Bayern Monachium 12 Serge Gnabry
69%
Borussia Dortmund 17 Jadon Sancho
65%
Bayer Leverkusen 12 Kai Havertz
58%
Hoffenheim 12 Andrej Kramarić
41%
VFL Wolfsburg 16 Weut Weghorst
41%
Borussia Mönchengladbach 10 Alassane Plea
38%
Borussia Mönchengladbach 10 Marcus Thuram
36%
Eintrach Frankfurt 12 Andre Silva
35%
RB Lipsk 10 Patrik Schick
28%
Bayer Leverkusen 10 Kevin Volland
26%
Augsburg 13 Florian Niederlechner
21%
SC Freiburg 11 Nils Petersen
17%
FC Koln 13 Jhon Córdoba
15%
Fortuna Dusseldorf 15 Rouwen Hennings
13%
FSV Mainz 12 Robin Quaison
11%
Union Berlin 12 Sebastian Andersson
10%
Nie znaleziono quizów pasujących do podanych kryteriów
Rozkład punktacji
Procent ludzi z każdym wynikiem
Percentyl według liczby udzielonych odpowiedzi
Twoja historia wyników
Nie rozwiązałeś tego quizu